00951nam a2200205Ia 4500008004100000020001500041041001200056082001600068100001500084245005100099260003400150300000800184650001400192700001700206942000700223999001500230952017000245952017000415952016000585221030s9999 xx 000 0 und d a8187210095 aEnglish a105.23bJai aM. K. Jain 0aOrganic Chemistrycby M. K. Jain, S. C. Sharma bS. Lal NaginaNew Delhic1999 a982 aChemistry aS. C. Sharma cBK c1826d1826 pBE 399g225.00l0o105.23 Jair2024-06-13 00:00:00w2022-10-30yBK003Print4070aMIETLIBbMIETLIBcBL-Academic Block C, FL-2, CUP-88, SH-2, R-2d1999-11-1710HBE pBE 646g225.00l0o105.23 Jair2024-06-13 00:00:00w2022-10-30yBK003Print4070aMIETLIBbMIETLIBcBL-Academic Block C, FL-2, CUP-88, SH-2, R-2d1999-11-2910HBE pBE 647g185.00l0o105.23 Jair2024-06-13 00:00:00w2022-10-30yBK003Print4071aMIETLIBbMIETLIBcBL-Second, FL-1, CUP-59, SH-2, R-2d1999-11-2910HBE